Los fichajes más caros del fútbol - Defensas centrales - 2021-2022 - Estadísticas

Estadísticas generales
  • Esta prueba ha sido intentada 39 veces
  • La puntuación promedio es 6 de 10
Estadísticas de respuestas
Coste (M €) Nacionalidad Último club Nuevo club Jugador % Correcto
42,50 Francia RB Leipzig Bayern Múnich Dayot Upamecano
100%
40,00 Francia Real Madrid Manchester United Raphaël Varane
100%
40,00 Francia RB Leipzig Liverpool Ibrahima Konaté
91%
34,40 Inglaterra / Canadá Chelsea AC Milan Fikayo Tomori
85%
35,00 Francia Chelsea West Ham Kurt Zouma
74%
17,60 Dinamarca Southampton Leicester City Jannik Vestergaard
35%
17,50 Dinamarca Lyon Crystal Palace Joachim Andersen
35%
23,34 Costa de Marfil / Inglaterra Chelsea Crystal Palace Marc Guéhi
35%
23,00 Costa de Marfil Club Brujas Bayer Leverkusen Odilon Kossounou
26%
26,50 Albania / Italia Hellas Verona AS Roma Marash Kumbulla
18%
No se encontraron pruebas coincidentes
Distribución de puntuación
Porcentaje de gente con cada puntuación
Porcentaje por número respondido
Historial de tus puntuaciones
No has intentado esta prueba.